Statistics for Beatles Songs Quiz by Albums in Chronological Order

Click here to take the quiz!

General Stats

  • This quiz has been taken 150 times
  • The average score is 118 of 209

Answer Stats

YearAlbumSongTitle2Title 3% Correct
1966RevolverYellow SubmarineYELLOW SUBMARINE
93%
1969Let It BeLet It BeLET IT BE
93%
1962Please Please MePlease Please MePLEASE PLEASE ME
90%
1969Magical Mystery TourMagical Mystery TourMAGICAL MYSTERY TOUR
88%
1969Abbey RoadOctopus's Garden
88%
1968Past MastersHey Jude
87%
1965Rubber SoulNorwegian Wood
(This Bird Has Flown)
87%
1965Help!Yesterday
85%
1966RevolverEleanor Rigby
85%
1965Help!Help!HELP!
85%
1967Magical Mystery TourI Am the Walrus
83%
1967Abbey RoadCome Together
83%
1967Sgt. Pepper's Lonely Hearts Club BandLovely Rita
83%
1969Let It BeGet Back
83%
1969Abbey RoadSomething
83%
1968The BeatlesRevolution 1Revolution
83%
1969Abbey RoadMaxwell's Silver Hammer
82%
1967Magical Mystery TourStrawberry Fields Forever
82%
1968The BeatlesBack in the U.S.S.R.
82%
1967Sgt. Pepper's Lonely Hearts Club BandSgt. Pepper's Lonely
Hearts Club Band
Sgt. Pepper's Lonely
Hearts Club Band (reprise)
SGT. PEPPER'S LONELY
HEARTS CLUB BAND
82%
1968The BeatlesWhile My Guitar
Gently Weeps
82%
1967Magical Mystery TourPenny Lane
80%
1966RevolverTaxman
80%
1969Abbey RoadHere Comes the Sun
80%
1965Rubber SoulMichelle
78%
1963Please Please MeI Saw Her Standing There
78%
1962Please Please MeLove Me Do
78%
1967Sgt. Pepper's Lonely Hearts Club BandLucy in the Sky
with Diamonds
77%
1963Please Please MeTwist and Shout
77%
1968The BeatlesBlackbird
77%
1967Magical Mystery TourAll You Need Is Love
77%
1969Abbey RoadThe End
75%
1964A Hard Day's NightA Hard Day's NightA HARD DAY'S NIGHT
75%
1967Sgt. Pepper's Lonely Hearts Club BandA Day in the Life
75%
1968The BeatlesRocky Raccoon
75%
1963Past MastersShe Loves You
73%
1967Magical Mystery TourThe Fool on the Hill
73%
1963Past MastersI Want to Hold Your Hand
73%
1965Rubber SoulDrive My Car
73%
1968The BeatlesRevolution 9
73%
1968The BeatlesPiggies
73%
1967Sgt. Pepper's Lonely Hearts Club BandWhen I'm Sixty-Four
73%
1967Sgt. Pepper's Lonely Hearts Club BandBeing for the Benefit
of Mr. Kite!
73%
1967Sgt. Pepper's Lonely Hearts Club BandWith a Little Help from
My Friends
73%
1967Magical Mystery TourHello, Goodbye
72%
1968The BeatlesOb-La-Di, Ob-La-Da
72%
1964Beatles for SaleEight Days a Week
72%
1969Abbey RoadPolythene Pam
72%
1965Help!Ticket to Ride
72%
1965Rubber SoulNowhere Man
72%
1967Sgt. Pepper's Lonely Hearts Club BandShe's Leaving Home
72%
1969Abbey RoadBecause
72%
1969Let It BeThe Long
and Winding Road
72%
1968The BeatlesDear Prudence
70%
1965Rubber SoulIn My Life
70%
1963With the BeatlesAll My Loving
70%
1968The BeatlesHelter Skelter
70%
1969Let It BeAcross the Universe
70%
1964With the BeatlesRoll Over Beethoven
68%
1969Abbey RoadMean Mr. Mustard
68%
1969Abbey RoadShe Came in Through the
Bathroom Window
68%
1968The BeatlesSexy Sadie
68%
1968The BeatlesThe Continuing Story
of Bungalow Bill
68%
1963Please Please MeAnna (Go to Him)
68%
1968The BeatlesGlass Onion
68%
1963Please Please MeChains
67%
1967Magical Mystery TourBlue Jay Way
67%
1964A Hard Day's NightCan't Buy Me Love
67%
1966Past MastersPaperback Writer
67%
1969Abbey RoadHer Majesty
67%
1969Abbey RoadGolden Slumbers
67%
1963Please Please MeBoys
65%
1969Abbey RoadI Want You
(She's So Heavy)
65%
1965Rubber SoulGirl
65%
1968The BeatlesYer Blues
65%
1968The BeatlesBirthday
65%
1969Abbey RoadOh! Darling
63%
1969Abbey RoadCarry That Weight
63%
1969Yellow SubmarineHey Bulldog
63%
1967Sgt. Pepper's Lonely Hearts Club BandGood Morning Good Morning
63%
1969Past MastersThe Ballad of John
and Yoko
62%
1967Sgt. Pepper's Lonely Hearts Club BandFixing a Hole
62%
1968Past MastersLady Madonna
62%
1966RevolverDoctor Robert
62%
1968The BeatlesJulia
62%
1966RevolverHere, There and Everywhere
62%
1967Sgt. Pepper's Lonely Hearts Club BandGetting Better
60%
1966RevolverTomorrow Never Knows
60%
1969Let It BeMaggie Mae
60%
1967Sgt. Pepper's Lonely Hearts Club BandWithin You Without You
60%
1964A Hard Day's NightAnd I Love Her
60%
1969Abbey RoadSun King
58%
1968The BeatlesHappiness is a
Warm Gun
58%
1963Please Please MeDo You Want
to Know a Secret
58%
1965Rubber SoulI'm Looking Through You
58%
1966Past MastersRain
57%
1966RevolverI'm Only Sleeping
57%
1965Rubber SoulRun for Your Life
57%
1965Rubber SoulWait
57%
1968The BeatlesWhy Don't We Do It
in the Road?
55%
1964Beatles for SaleI'll Follow the Sun
55%
1968The BeatlesHoney Pie
55%
1965Help!Act Naturally
55%
1968The BeatlesSavoy Truffle
55%
1967Magical Mystery TourFlying
55%
1969Abbey RoadYou Never Give Me
Your Money
55%
1966RevolverGood Day Sunshine
55%
1963With the BeatlesPlease Mr. Postman
55%
1964Past MastersLong Tall Sally
55%
1962Please Please MeP.S. I Love You
55%
1966RevolverShe Said She Said
55%
1968The BeatlesWild Honey Pie
55%
1963Past MastersFrom Me to You
55%
1969Let It BeDig a Pony
53%
1965Help!You've Got to Hide
Your Love Away
53%
1965Past MastersDay Tripper
53%
1968The BeatlesGood Night
52%
1963Past MastersThis Boy
52%
1964Past MastersI Feel Fine
52%
1964Beatles for SaleI'm a Loser
52%
1968The BeatlesEverybody's Got
Something to Hide Except
Me and My Monkey
52%
1968The BeatlesMother Nature's Son
52%
1966RevolverAnd Your Bird Can Sing
52%
1968The BeatlesMartha My Dear
52%
1969Yellow SubmarineOnly a Northern Song
52%
1965Rubber SoulThe Word
52%
1966RevolverFor No One
52%
1965Help!Dizzy Miss Lizzy
50%
1968Let It BeI Me Mine
50%
1963Please Please MeMisery
50%
1967Magical Mystery TourYour Mother Should Know
50%
1968The BeatlesLong, Long, Long
50%
1963With the BeatlesMoney (That's
What I Want)
50%
1964A Hard Day's NightIf I Fell
50%
1969Let It BeTwo of Us
48%
1967Magical Mystery TourBaby, You're a Rich Man
48%
1969Past MastersDon't Let Me Down
48%
1969Past MastersOld Brown Shoe
48%
1969Yellow SubmarineAll Together Now
48%
1965Help!I've Just Seen a Face
47%
1964A Hard Day's NightI Should Have
Known Better
47%
1965Help!I Need You
47%
1968The BeatlesI Will
47%
1965Help!Another Girl
47%
1968The BeatlesDon't Pass Me By
47%
1964Beatles for SaleNo Reply
47%
1963With the BeatlesIt Won't Be Long
47%
1965Past MastersWe Can Work It Out
47%
1965Rubber SoulWhat Goes On
45%
1969Let It BeFor You Blue
45%
1969Let It BeOne After 909
45%
1966RevolverLove You To
45%
1966RevolverGot To Get You Into My Life
45%
1964Beatles for SaleRock and Roll Music
45%
1965Help!The Night Before
45%
1968The BeatlesI'm So Tired
45%
1968The BeatlesCry Baby Cry
43%
1964A Hard Day's NightI'm Happy Just
to Dance with You
43%
1963With the BeatlesTill There Was You
43%
1965Rubber SoulIf I Needed Someone
43%
1963With the BeatlesDon't Bother Me
43%
1965Rubber SoulYou Won't See Me
43%
1964Beatles for SaleBaby's in Black
43%
1965Rubber SoulThink for Yourself
42%
1965Help!You're Going
to Lose That Girl
42%
1963Please Please MeA Taste of Honey
42%
1965Past MastersBad Boy
42%
1968Past MastersThe Inner Light
42%
1964Beatles for SaleKansas City /
Hey, Hey, Hey, Hey
42%
1964Past MastersMatchbox
40%
1970Let It BeDig It
40%
1970Past MastersYou Know my Name
(Look Up the Number)
40%
1963With the BeatlesI Wanna Be Your Man
40%
1964Beatles for SaleHoney Don't
40%
1964Beatles for SaleEverybody's Trying
to Be My Baby
40%
1969Let It BeI've Got a Feeling
38%
1963With the BeatlesAll I've Got to Do
38%
1963Please Please MeBaby It's You
37%
1965Help!It's Only Love
37%
1965Past MastersI'm Down
37%
1964A Hard Day's NightI'll Cry Instead
37%
1969Yellow SubmarineIt's All Too Much
35%
1964Beatles for SaleMr. Moonlight
35%
1963Please Please MeThere's a Place
35%
1964A Hard Day's NightTell Me Why
35%
1963With the BeatlesYou Really Got a
Hold on Me
35%
1963With the BeatlesDevil in Her Heart
35%
1963With the BeatlesLittle Child
35%
1964A Hard Day's NightYou Can't Do That
33%
1965Help!You Like Me Too Much
33%
1963With the BeatlesHold Me Tight
33%
1964A Hard Day's NightI'll Be Back
33%
1962Please Please MeAsk Me Why
33%
1964Past MastersShe's a Woman
32%
1964A Hard Day's NightThings We Said Today
30%
1964A Hard Day's NightAny Time at All
30%
1963With the BeatlesNot a Second Time
30%
1966RevolverI Want to Tell You
28%
1964Beatles for SaleI Don't Want
to Spoil the Party
28%
1964Beatles for SaleWords of Love
28%
1964Beatles for SaleEvery Little Thing
27%
1965Past MastersYes it Is
27%
1964A Hard Day's NightWhen I Get Home
27%
1963Past MastersI'll Get You
27%
1965Help!Tell Me What You See
27%
1963Past MastersThank You Girl
25%
1964Past MastersSlow Down
25%
1964Beatles for SaleWhat You're Doing
23%
1964Past MastersI Call Your Name
22%

Score Distribution

Percentile by Number Answered

Percent of People with Each Score

Your Score History

You have not taken this quiz